Britain in revolution : (Record no. 4831)
[ view plain ]
| 000 -LEADER | |
|---|---|
| fixed length control field | 00856cam a22002412 4500 |
| 001 - CONTROL NUMBER | |
| control field | 0000000623 |
| 005 - DATE AND TIME OF LATEST TRANSACTION | |
| control field | 20151217151752.0 |
| 008 - FIXED-LENGTH DATA ELEMENTS--GENERAL INFORMATION | |
| fixed length control field | 070213s xx 000 0 eng d |
| 020 ## - INTERNATIONAL STANDARD BOOK NUMBER | |
| International Standard Book Number | 0198200811 : |
| 040 ## - CATALOGING SOURCE | |
| Original cataloging agency | KABU |
| Transcribing agency | KABU |
| 050 #0 - LIBRARY OF CONGRESS CALL NUMBER | |
| Classification number | DA405 |
| Item number | .W66 |
| 100 1# - MAIN ENTRY--PERSONAL NAME | |
| Personal name | Woolrych, Austin. |
| -- | 0000148875 |
| 245 10 - TITLE STATEMENT | |
| Title | Britain in revolution : |
| Remainder of title | 1625-1660 / |
| Statement of responsibility, etc. | Austin Woolrych. |
| 260 ## - PUBLICATION, DISTRIBUTION, ETC. (IMPRINT) | |
| Place of publication, distribution, etc. | Oxford : |
| Name of publisher, distributor, etc. | Oxford University Press, |
| Date of publication, distribution, etc. | 2002. |
| 300 ## - PHYSICAL DESCRIPTION | |
| Extent | 814 p : |
| Other physical details | ill., maps ; |
| Dimensions | 24 cm. |
| 504 ## - BIBLIOGRAPHY, ETC. NOTE | |
| Bibliography, etc | Includes bibliographical refences and index. |
| 651 #0 - SUBJECT ADDED ENTRY--GEOGRAPHIC NAME | |
| Geographic name | Great Britain |
| General subdivision | History |
| Chronological subdivision | Puritan revolution, 1642-1660. |
| -- | 0000148876 |
| 651 #0 - SUBJECT ADDED ENTRY--GEOGRAPHIC NAME | |
| Geographic name | Great Britain |
| General subdivision | History |
| Chronological subdivision | Civil war, 1642-1649. |
| -- | 0000148877 |
| 651 #0 - SUBJECT ADDED ENTRY--GEOGRAPHIC NAME | |
| Geographic name | Great Britan |
| General subdivision | History |
| Chronological subdivision | Charles I, 1625 1649. |
| -- | 0000148878 |
| 908 ## - PUT COMMAND PARAMETER (RLIN) | |
| Put command parameter | 070213 |
| 950 ## - LOCAL HOLDINGS (RLIN) | |
| -- | 1 |
| Withdrawn status | Lost status | Source of classification or shelving scheme | Not for loan | Home library | Current library | Date acquired | Total Checkouts | Full call number | Barcode | Date last seen | Price effective from | Koha item type |
|---|---|---|---|---|---|---|---|---|---|---|---|---|
| Library of Congress Classification | Kabarak, Main Campus | Kabarak, Main Campus | 17/12/2015 | DA405 .W66 | 000892 | 17/12/2015 | 17/12/2015 | General Collection |